Mapeando las redes de investigación en ciencias básicas en la Universidad de Costa Rica /

Este trabajo es una contribución al estudio simultáneo de elementos ontológicos y metodológicos comprometidos con el conocimiento de la organización sociotécnica de la investigación científica universitaria. Se trata de la presentación de un análisis asistido informáticamente de bases de datos que g...

Fuld beskrivelse

Guardado en:
Bibliografiske detaljer
Hovedforfatter: Arellano Hernández, Antonio
Andre forfattere: Jensen Pennington, Henning
Format: Texto
Fag:
Tags: Tilføj Tag
Ingen Tags, Vær først til at tagge denne postø!

MARC

LEADER 00000 a a2200000 04500
001 40862
003
040
100 |a Arellano Hernández, Antonio  
245 |a Mapeando las redes de investigación en ciencias básicas en la Universidad de Costa Rica /  |c Antonio Arellano Hernández ; Henning Jesen Pennington  
500 |a aah@uaemex.mx   |a hjensen@ice.co.cr  
520 |a Este trabajo es una contribución al estudio simultáneo de elementos ontológicos y metodológicos comprometidos con el conocimiento de la organización sociotécnica de la investigación científica universitaria. Se trata de la presentación de un análisis asistido informáticamente de bases de datos que genera mapas, de los que se pueden intelegir organización de relaciones heterogéneas de propiedad científica-técnica y sociales contenidas en las fuentes de información, que son simultáneamente cuantitativas y cualitativas. Para ilustrar lo anterior, los autores investigaron un caso analizando informáticamente las bases de datos de los proyectos de investigación en ciencias básicas de la Universidad de Costa Rica entre 1977 y 2005.  
590 |a RRA/ENERO2012  
650 |a 1.INVESTIGACION  
650 |a 2.CIENCIAS NATURALES  
650 |a 3.ANALISIS DE DATOS  
650 |a 4.INFORMATICA  
650 |a 5.ANALISIS DE REDES  
650 |a 6.COSTA RICA  
700 |a Jensen Pennington, Henning  
773 |g volumen13, número42 ( , 2006), páginas 181-213  
999 |c 34450  |d 34450